Sui fondamenti della storia antica

Guardat en:
Dades bibliogràfiques
Autor principal: Momigliano, Arnaldo (autor)
Format: Llibre
Idioma:italià
Publicat: Turín Giulio Einaudi 1984
Col·lecció:Einaudi Paperbacks, 157
Matèries:
Etiquetes: Afegir etiqueta
Sense etiquetes, Sigues el primer a etiquetar aquest registre!

MARC

LEADER 00000nam a2200000 a 4500
001 UCY1049
003 CL-VaPUC
008 940820e19840000IT |||||||||||||||||ita|d
082 0 4 |a 930  |b MOM  |2 21 
100 |a Momigliano, Arnaldo  |e autor  |9 593300 
245 1 0 |a Sui fondamenti della storia antica 
300 |a 505 p 
942 |c BK 
945 |d 19940820 00:00:00  |a aalvarez 
260 |a Turín  |b Giulio Einaudi  |c 1984 
650 0 |a Historia antigua  |9 267521 
583 |a last modification  |c 19940820 00:00:00  |k Rodrigo Vera 
490 0 |a Einaudi Paperbacks, 157 
999 |c 229865  |d 229863 
952 |0 0  |1 0  |4 0  |6 930_000000000000000_MOM_1984  |7 0  |8 A  |9 231573  |a BIBHIS  |b BIBHIS  |d 2019-11-15  |i 2945347  |o 930 MOM 1984  |p 2945347  |r 2025-01-20  |w 2019-11-15  |y BK  |k HIS